Aspects of the ecology of vascular epiphytes in Colombian cloud forests, I. The distribution of the epiphytic flora (Registro nro. 9783)

Detalles MARC
000 -CABECERA
Campo de control 007090000a22002050004500
090 ## - CLASIFICACIÓN LOCAL
Colección AR
Consecutivo 00692
041 0# - IDIOMA
Código de idioma para texto/pista de sonido o título separado
100 1# - ASIENTO PRINCIPAL--NOMBRE PERSONAL
Nombre personal Sugden, Andrew M.
245 10 - MENCION DE TITULO
Título Aspects of the ecology of vascular epiphytes in Colombian cloud forests, I. The distribution of the epiphytic flora
650 14 - ASIENTO SECUNDARIO DE MATERIA - TERMINO TEMATICO
Término temático o nombre geográfico como elemento de entrada Fenología
650 14 - ASIENTO SECUNDARIO DE MATERIA - TERMINO TEMATICO
Término temático o nombre geográfico como elemento de entrada Distribución
650 14 - ASIENTO SECUNDARIO DE MATERIA - TERMINO TEMATICO
Término temático o nombre geográfico como elemento de entrada Abundancia
650 14 - ASIENTO SECUNDARIO DE MATERIA - TERMINO TEMATICO
Término temático o nombre geográfico como elemento de entrada Ecología vegetal
650 14 - ASIENTO SECUNDARIO DE MATERIA - TERMINO TEMATICO
Término temático o nombre geográfico como elemento de entrada Epífitas vasculares
651 #4 - ASIENTO SECUNDARIO DE MATERIA - NOMBRE GEOGRAFICO
-- Sierra Nevada de Santa Marta
-- Magdalena
-- Colombia
651 #4 - ASIENTO SECUNDARIO DE MATERIA - NOMBRE GEOGRAFICO
-- Serranía de Macuira
-- Colombia
700 1# - ASIENTO SECUNDARIO - NOMBRE PERSONAL
Nombre personal Robins, Richard J.
773 1# - Item fuente:
Título Biotropica
Especificación de materiales 9
Descripción física 3
Paginas del Articulo 173-188
Lugar, editorial y fecha de publicación 1979
Información sobre la relación 11
942 ## - ELEMENTOS ADICIONALES (KOHA)
Tipo de ítem Artículo
Existencias
Withdrawn status Lost status Damaged status No para préstamo Colección Ubicación Permanente Ubicación actual Fecha de adquisición Datos de publicación Seriada Total Checkouts Número topográfico Inventario / Código de Barras Date last seen Ejemplar Price effective from Forma de adquisición Tipo de material
      No para Préstamo Hemeroteca Bogotá Bogotá 27/02/2015 Fuera de circulación   AR 00692 011008 25/03/2015 1 25/03/2015   Artículo